000 01100cam a2200277 4500
008 030318n2003 000 0 eng u
020 _a0471223794
035 _a(Sirsi) u121664
041 _aeng
050 _a333.330973
_c18
100 _aLarsen, James E.
245 _aReal estate principles and practices
260 _aDanvers
_bWiley
_c2003
300 _axxxv, 441p.
_c26cm.
350 _a29.95
520 _aAn American text which provides an explanation of current theories and practices in the US real estate market. Offers an introduction to the field, including topics such as the critical factors in an acquisition, leasing, finance, use of real estate and disposition of real estate. Provides a basis for conducting real estate transactions in the real world.
650 _aREAL ESTATE MARKETS
650 _aREAL ESTATE PRACTICE
650 _aPROPERTY TRANSACTIONS
650 _aPROPERTY FINANCE
650 _aPROPERTY DEVELOPMENT
650 _aREAL ESTATE INVESTMENT
650 _aUNITED STATES
690 _aPROPERTY-PROPERTY APPRAISAL AND VALUATION
942 _n0
999 _c102697
_d102697